01758nam a2200469 i 450000100060000000300080000600500170001400600190003100700150005000800410006502000270010602000180013303500230015103500240017403500250019803500210022304000310024405000240027508000070029908200170030610000370032324500910036026400460045130000410049733600310053833700330056933800430060249000340064550000220067950400290070158801230073059001590085365000310101265000310104365000260107465000290110065500270112979700190115683000340117585600620120999900170127127448FlNmELB20241216220000.0m o d | cr cnu||||||||160602s2004 ag ob 001 0 spa d a9781512929379 (e-book) z9789508021878 a(MiAaPQ)EBC4508307 a(Au-PeEL)EBL4508307 a(CaPaEBR)ebr11205774 a(OCoLC)984794384 aFINmELBbspaerdacFINmELB 4aHM22.A69bC263 2004 a310 a301.09822231 aCarballeda, Alfredo Juan Manuel.14aDel desorden de los cuerpos al orden de la sociedad /cAlfredo Juan Manuel Carballeda. 1aBuenos Aires :bEspacio Editorial,c2004. a1 recurso en línea (195 páginas) atextobtxt2rdacontent/spa acomputadorabc2rdamedia/spa arecurso en líneabcr2rdacarrier/spa1 aColección Ciencias Sociales aIncluye índice. aContiene bibliografía. aDescripción basada en recurso en línea; Título de la página del título en PDF (e-libro, visto June 2, 2016). aRecurso electronico. Santa Fe, Arg. : e-libro, 2016. Disponible via World Wide Web. El acceso puede ser limitado para las bibliotecas afiliadas a e-libro. 0aSocial servicezArgentina. 4aTrabajo socialzArgentina. 0aSociologyzArgentina. 4aSociologíazArgentina. 4aLibros electrónicos.2 ae-libro, Corp. 0aColección Ciencis Sociales.40uhttps://elibro.net/ereader/politecnicointernacional/66964 c27448d27448